Growth-returns Nexus: Evidence from Three Central and Easter European Countries

Potvrdená Grangerova kauzalita v Česku, Maďarsku a Poľsku v období 1996-2012. Použitím korelácie sa znázorňuje oslabenie vzťahu v krízových rokoch.

Salvato in:
Dettagli Bibliografici
Autore principale: Lyócsa, Štefan, 1982-
Natura: Capitolo di libro
Lingua:inglese
Soggetti:
Tags: Aggiungi Tag
Nessun Tag, puoi essere il primo ad aggiungerne!!

MARC

LEADER 00000naa a2200000 4500
001 0198212
005 20240502083503.8
041 0 |a eng 
044 |a NL 
245 1 0 |a Growth-returns Nexus: Evidence from Three Central and Easter European Countries  |c Štefan Lyócsa 
520 |a Potvrdená Grangerova kauzalita v Česku, Maďarsku a Poľsku v období 1996-2012. Použitím korelácie sa znázorňuje oslabenie vzťahu v krízových rokoch. 
610 2 0 |a rast hospodársky 
610 2 0 |a volatilita 
610 2 0 |a trh akciový 
610 2 0 |a analýza trhu 
610 2 0 |a analýza korelačná 
610 2 0 |a zisk kapitálový 
100 1 |a Lyócsa, Štefan, 1982-